00609nam a2200205Ia 450000500170000000800410001708200130005810000190007124500700009026000270016030000150018765000110020265000260021365000090023965000180024870000190026694200060028595200970029199900150038820240606060303.0240331s9999 xx 000 0 und d bFREa362 aSchuler, M. ed 0aFreedom from violence :bwomen's strategies from around the world aNew YorkbUNIFEMc1992 axv,354 p., aWomen  aGender Based Violence aLaw  aHuman Rights  aSchuler, M. ed cL 001040708LaWERCLbWERCLcSSCd2024-03-31l0o 362.8 FREp6282r2024-03-31w2024-03-31yL c3047d3047